000 01197cam a22003497a 4500
003 CHAP
005 20220329141421.0
008 971013s1987 r 00010 d
010 _a67804
011 _a68776
035 _a78250
040 _cCHAP
082 _a631.5
_bG3
100 0 0 _aGarrett, Patricia.
_946946
245 0 _aInterview guide for the regional analysis of farming systems
260 _aIIthaca, N. Y. :
_bNew York State College of Agriculture and Life Sciences,
_c1987
300 _a90 p.
490 0 _aCornell International agriculture Monograph
_v; 11
590 _aBATCH-UPD
_b10
_c20130110
_lUCH01
_h0525
590 _aBATCH-UPD
_b10
_c20130110
_lUCH01
_h2303
590 _aBATCH-UPD
_b10
_c20130410
_lUCH01
_h0204
590 _aBATCH-UPD
_b10
_c20130914
_lUCH01
_h0825
590 _aCONVERSION
_b10
_c20130109
_lUCH01
_h1337
650 1 4 _aEntrevistas.
_937164
650 1 4 _aSistemas de producción.
_9106767
700 0 _aCampbell, Carolyn.
_917949
700 0 _aUquillas, Jorge E.
_9116812
830 0 _aCornell International agriculture Monograph
_v; 11
_928060
901 _aBK
942 _cLIBRO
949 _a631.5 G3
_bBC
_cLIBRO
_d33724000080982
_eLIBRO
_h73688
_i78250
_si
999 _c67804
_d67804